000
00238nam a2200121Ia 4500
100
_a
#N/A
650
_a
Computer/ IT
942
_c
BK
654
_a
microprocesser
245
_a
Microprocesser - 8085
260
_b
#N/A
546
_a
ENGLISH
999
_c
24802
_d
24802